Top 30 : RAYE - Statistiques

Statistiques générales
  • Ce quiz a été pris 24 fois
  • Le résultat moyen est 11 sur 30
Statistiques - réponses
Top Titres Featuring % Correct
1 Escapism. 070 Shake
95%
7 Escapism. - Sped Up 070 Shake
95%
14 WHERE IS MY HUSBAND!
85%
8 Born Again Doja Cat, Lisa
70%
2 Prada cassö, D-Block Europe
70%
15 Prada - Valexus Remix cassö, D-Block Europe, Valexus
70%
9 Oscar Winning Tears.
65%
10 Worth It.
55%
3 You Don't Know Me Jax Jones
55%
27 Black Mascara.
50%
4 BED Joel Corry, David Guetta
45%
17 Flip A Switch.
40%
25 Hard Out Here.
40%
5 Secrets Regard
40%
26 Natalie Don't
30%
13 Regardless Rudimental
30%
6 By Your Side Jonas Blue
20%
18 Decline Mr Eazi
20%
16 Tequila Jax Jones, Martin Solveig, Europa
20%
28 Call On Me
15%
11 Ferrari Horses D-Block Europe
15%
12 Stay (Don't Go Away) David Guetta
15%
23 Waterfall Disclosure
15%
19 Check Kojo Funds
10%
22 Money Calling Da Beatfreakz, Russ Millions, wewantwraiths
10%
30 Please Don’t Touch
10%
21 The Weekend Stormzy
10%
20 Cigarette Mabel, Stefflon Don
5%
29 I Don't Want You Riton
5%
24 Make It to Heaven David Guetta, MORTEN
5%
Aucun quiz correspondant
Distribution des résultats
% des personnes avec chaque résultat
Percentile par nombre de réponses
Votre historique - résultats
Vous n’avez pas pris ce quiz